000 00389nam a2200181Ia 4500
001 981
005 20260306140558.0
008 260306t2002||||xx |||||||||||||| ||spa||
041 _aESP
082 _a174.962
_bG15
100 _aGallegos, Héctor
_eAUT
245 0 _aEtica
260 _c2002
300 _a72 páginas :
_c
650 _aGEN
654 _aCHU
942 _cLIB
_dJUS
_fJUS
_2ddc
_n
999 _c981
_d981